Missing Word: Halloween Things in Songs Quiz Stats

 Plays Quiz Updated Jul 16, 2017

Support Sporcle.
Go Orange.
Score 0/31 Timer 04:00
0 Plays Today
Song Title Missing % Correct
Highway to ___Hell
93.4%
___ MashMonster
88.8%
Bad ___ RisingMoon
87.1%
Ain't No Way to ___ a LadyTreat
82.9%
Hungry Like the ___Wolf
82.3%
Bibbidi-Bobbidi-___Boo
80.8%
___ Man's CurveDead
80.2%
Dancing in the ___Dark
77.9%
(Don't ___) The ReaperFear
77.8%
One ___ PonyTrick
74.8%
___ BettyBlack
69.2%
Rama Lama ___ ___Ding Dong
68.5%
Brown ___Sugar
65.3%
___ of LondonWerewolves
63.9%
Runnin' with the ___Devil
63.9%
My ___ LordSweet
63.9%
Song Title Missing % Correct
It's My ___Party
62.7%
Whole Lotta ___ Goin' OnShakin'
60.2%
I Want ___Candy
58.2%
People Are ___Strange
52.1%
___ WomanWitchy
51.3%
Because the ___Night
50.2%
___ CrushOrange
49.2%
___ WomanEvil
49.2%
After ___Midnight
45.1%
One Bad ___Apple
44.7%
___ KillerPsycho
40.2%
___ and SnakesSpiders
39%
Honky ___Cat
38.8%
___ in the Material WorldSpirits
24.8%
Rain on the ___Scarecrow
20.2%

Today's Daily Dose

Word Ladder
New Dimensions!

Quick Pick
'Animal' Fish

Get the Picture
Bird or Food?

You're not logged in!

Compare scores with friends on all Sporcle quizzes.
OR
Log In
Forgot?

From the Vault

Cocktail Ingredients

by Derek

Pass your bartenders exam or amaze your friends with your knowledge of booze.
Remove Ads.
Support Sporcle.
Get the best of Sporcle when you Go Orange. This ad-free experience offers more features, more stats, and more fun while also helping to support Sporcle. Thank you for becoming a member.

Show Comments

Extras

Top Quizzes Today


Score Distribution

Your Account Isn't Verified!

In order to create a playlist on Sporcle, you need to verify the email address you used during registration. Go to your Sporcle Settings to finish the process.

Report this User

Report this user for behavior that violates our Community Guidelines.

Details: